| 000 | 00551nam a22001937a 4500 | ||
|---|---|---|---|
| 005 | 20260219151139.0 | ||
| 008 | 260219b |||||||| |||| 00| 0 eng d | ||
| 020 | _a0-07-243731-6 | ||
| 050 | _aQH 308.2 .R 38 2005 | ||
| 100 | _aRAVEN PETER H | ||
| 245 | _aBIOLOGY | ||
| 250 | _a7 | ||
| 260 |
_aBOSTON, _bMcGRAW-HILL HIGHER EDUCATION, _c2005, |
||
| 300 | _aXXiii, 1250 P, ILL | ||
| 500 | _aINCLUDES BIBLIOGRAPHICAL REFERENCES AND INDEX | ||
| 650 | _aBIOLOGY | ||
| 700 | _aJOHNSON GEORGE B, LOSOS JONATHAN B, SINGER SUSAN R | ||
| 942 |
_2lcc _cBK |
||
| 999 |
_c216590 _d216590 |
||